00220 a2200109 4500001000700000020000600007040001100013100002400024240002900048245002400077362000900101165711 a  cMagnum aAlves, Nilda Et Al.10aO sentido da escolalpor10aO sentido da escola0 a1899